MDQL
is popping MORE tags! Check the
thread
!
Quizzes
Events
Quiz Creation
Community
Videos
Private Events
Remove Ads
Sign In
Join for FREE
Feedback
Dark Mode
Quiz Categories
Sports
Geography
Music
Movies
Television
Just For Fun
Miscellaneous
History
Literature
Language
Science
Gaming
Entertainment
Religion
Holiday
For Kids
Quiz Lab
Recent
Popular Today
Quiz Kudos Today
Editor Picks
Curator Picks
Quizzes by...
Day
Popularity
Type
Ratings
Length
Year
Community
Subscriptions
Recent Discussions
Orange Saloon
Badges
Playlists
Quests
Create
Leaderboards
Showdown
Live 5
Trivia Bingo
Activity
Puzzle Library
Sporcle Events
Private Events
Virtual Trivia
Globe League
Become a Host
Pub Owners
SporcleCon
Opinionation
Our Games
Videos
Blog
Mobile Apps
Partnerships
Remove Ads and Go Orange
Feedback
Music
Pop Music
The Beatles
Song
Album
Lyrics
Bands
Singers
Artist
Clip
Rock
Rap
Classical
Billboard
Country Music
Kpop
Taylor Swift
Music
Pop Music
The Beatles
Song
Album
Lyrics
Bands
Singers
Artist
Clip
Rock
Rap
Classical
Billboard
Country Music
Kpop
Taylor Swift
Random Quiz
Search Sporcle
×
Quiz Lab
Quiz Lab
Music
Popular
Type in answers that appear in a list
Type in answers that appear in a list
Classic
Best Score? Go Orange.
Spotify's Most Popular Songs Stats
Can you name the Spotify's Most Popular Songs in the UK from 2009?
By
yosi182
8m
35 Questions
275 Plays
275 Plays
275 Plays
Comments
Comments
Give Quiz Kudos
Give Quiz Kudos
-
- Ratings
hide this ad
Replay
Link that replays current quiz
Next Quiz
Link to next quiz in quiz playlist
You Got
0%
They Got
Avg Score
24%
Avg Friend Score
Upgrade to see
Score Distribution
Jump to the score distribution portion of the page
Score
0/35
Timer
08:00
0
Plays Today
Song
% Correct
Billie Jean
69.7%
Use Somebody
67.5%
Sex on Fire
66.8%
Bad
63.9%
I Gotta Feeling
43.4%
Love Story
40.9%
Paper Planes
37.6%
Man in the Mirror
36.1%
Paparazzi
36.1%
Bullet Proof
32.5%
Smooth Criminal
29.6%
Right Round
28.1%
Poker Face
28.1%
Black or White
23.7%
Clocks
18.6%
I Want You Back
17.5%
Knock You Down
17.5%
If I Were a Boy
16.8%
Song
% Correct
In For the Kill
16.8%
Live Your Life
16.1%
21 Guns
16.1%
Sweet Dreams
16.1%
My Life Would Suck Without You
16.1%
We Made You
14.6%
Dead and Gone
12.8%
Fix You
12.8%
Beautiful
10.6%
Not Fair
10.2%
Sugar
8.4%
Dirty Diana
7.7%
Love Sex Magic
7.7%
Jai Ho!
6.9%
Closer
5.8%
Blame it on the Boogie
4.7%
Losing You
1.5%
Quiz Playlist
Details
Report
Send in Message
Add To Playlist
Classic:
Type in answers that appear in a list
Last Updated: Feb 16, 2017
Quiz Scoreboard
CHALLENGE
Sign Up to Join the Scoreboard
Show All
Scores
Hide
Comments
May contain spoilers
Recently Published
Holiday 10x10 Sorting Gallery
by lukepisani3
Holiday
15m
Two Season TV Shows II
by 123Four
Television
10m
Image Sorting: Flags VI
by Barbecue
Geography
2m
More to Explore
Quiz From the Vault
Featured Blog Post
14 Easter Pick-up Lines to Find Eggs With
hide this ad
You Might Also Like...
Tags
Artist Quiz
Popular Quiz
Song Quiz
2009
Spotify
Today's Top Quizzes in Music
Browse Music
hide this ad
Today's Top Quizzes in Popular
Browse Popular
Top Contributed Quizzes in Music
1
5X2 Blitz: Bands II
2
5X2 Blitz: The Beatles
3
Taylor Swift All Songs (2024)
4
5X2 Blitz: Billboard
5
5X2 Blitz: Billboard II
6
Music Artist by Three 2010s hits
7
5X2 Blitz: Album
8
5X2 Blitz: Rock
9
5X2 Blitz: Singers
10
5X2 Blitz: Lyrics
Explore More
Trending Topics
Crossword
NBA
Kpop
Harry Potter
Disney
Marvel
Anime
Song
NFL
Pokémon
WWE
Puzzle
The Office
Country
Soccer
hide this ad
More By:
yosi182
Quiz
Plays
Rating
Category
Featured
Created
Arctic Monkeys Favourite Worst Nightmare
1,087
5.00
Music
Oct 3, 2009
Spotify's Most Popular Songs
275
3.00
Music
Oct 3, 2009
PFA Player of the Year
134
Sports
Oct 4, 2009
What's the number?
31
4.33
Just For Fun
Nov 24, 2012
Top 4 of Top European Leagues 2011/12
29
4.00
Sports
Oct 21, 2012
Go to Creator's Profile
Score Distribution
Quiz Creator Spotlight
yosi182
Follow
Send a Message
Quizzes Created
-
Created Quiz Play Count
-
More By This Creator
Popular Quizzes Today
1
Find the US States - No Outlines Minefield
2
Colored Red Africa Blitz
3
Find the 'City' Movie
4
The Countries of the World
5
5x2 Blitz: Bands
6
Find the Countries of Europe - No Outlines Minefield
7
Find the US States
8
US States
More Music Quizzes
All Taylor Swift Songs
Quiz Lab
Trending Quizzes
Colored Red Europe Blitz I
Colored Red Africa Blitz II
Colored Red Europe Blitz II
Even More Two Season TV Shows
Colored Red Africa Blitz III
Recently Updated
Odd Team Out - Big 4 Players
pecheneg
Quick Pick: 20 Twenties
pecheneg
March Madness Men's Triple Doubles
pecheneg
How Do You Spell That?
pecheneg
Godzilla Movies
pecheneg
Grab Bag: 4-10 Letters
pecheneg
2024 March Madness Bracket
pecheneg
Famous TV Couples
Peacemaker
Champions League XIs: Real Madrid
pecheneg
Largest US Cities 1790-2010
pecheneg
Trending Topics
Crossword
Disney
Harry Potter
Marvel
NBA
Kpop
Anime
WWE
NFL
Puzzle
Song
Soccer
Country
The Office
Pokémon
Your Account Isn't Verified!
In order to create a playlist on Sporcle, you need to verify the email address you used during registration. Go to your
Sporcle Settings
to finish the process.
Report this User
Report this user for behavior that violates our
Community Guidelines
.
Details:
Send Report
Go to the Sporcle.com Mobile Site →
Comments